| 000 | 00551nam a22002057a 4500 | ||
|---|---|---|---|
| 003 | OSt | ||
| 005 | 20220903070106.0 | ||
| 008 | 220903b |||||||| |||| 00| 0 eng d | ||
| 020 | _a978 0 8218 4853 1 | ||
| 040 | _cSBCL | ||
| 082 |
_a515 _bKAC-P.3 |
||
| 100 |
_aKACZOR,WJ _aNOWAK,MT |
||
| 245 |
_aPROBLEMS IN MATHEMATICAL ANALYSIS 3 _bINTEGRATION |
||
| 260 |
_aAMERICA _bAMERIAN MATHEMATICAL SOCIETY _c2018 |
||
| 300 | _a356p. | ||
| 500 | _aPD ACCOUNT | ||
| 630 | _xGENERAL STACK | ||
| 650 |
_2MATHEMATICS _aMATHEMATICAL ANALYSIS |
||
| 942 | _cBOOK | ||
| 999 |
_c134645 _d134645 |
||